<?xml version="1.0" encoding="UTF-8"?><?xml-stylesheet type="text/xsl" href="static/style.xsl"?><OAI-PMH xmlns="http://www.openarchives.org/OAI/2.0/" xmlns:xsi="http://www.w3.org/2001/XMLSchema-instance" xsi:schemaLocation="http://www.openarchives.org/OAI/2.0/ http://www.openarchives.org/OAI/2.0/OAI-PMH.xsd"><responseDate>2026-04-14T17:50:01Z</responseDate><request verb="GetRecord" identifier="oai:uvadoc.uva.es:10324/14366" metadataPrefix="marc">https://uvadoc.uva.es/oai/request</request><GetRecord><record><header><identifier>oai:uvadoc.uva.es:10324/14366</identifier><datestamp>2021-06-23T12:46:04Z</datestamp><setSpec>com_10324_38</setSpec><setSpec>col_10324_852</setSpec></header><metadata><record xmlns="http://www.loc.gov/MARC21/slim" xmlns:doc="http://www.lyncode.com/xoai" xmlns:xsi="http://www.w3.org/2001/XMLSchema-instance" xmlns:dcterms="http://purl.org/dc/terms/" xsi:schemaLocation="http://www.loc.gov/MARC21/slim http://www.loc.gov/standards/marcxml/schema/MARC21slim.xsd">
<leader>00925njm 22002777a 4500</leader>
<datafield tag="042" ind1=" " ind2=" ">
<subfield code="a">dc</subfield>
</datafield>
<datafield tag="720" ind1=" " ind2=" ">
<subfield code="a">Nieto Valdivieso, Noelia</subfield>
<subfield code="e">author</subfield>
</datafield>
<datafield tag="260" ind1=" " ind2=" ">
<subfield code="c">2015</subfield>
</datafield>
<datafield tag="520" ind1=" " ind2=" ">
<subfield code="a">El consumo de alcohol en la adolescencia es uno de los problemas más graves que existen hoy en nuestra sociedad, fenómeno que ha ido creciendo desde principios de los años ochenta. La edad de inicio del consumo de los jóvenes está disminuyendo, cada vez, son más los adolescentes, que empiezan a consumir a una edad más temprana, la edad media actual, son los 13 años. Este consumo precoz lleva consigo problemas en su desarrollo. A este problema se le añade la actitud normalizada, la institucionalización del consumo de bebidas alcohólicas. Todo ello, dificulta la prevención y la protección de estos menores.</subfield>
</datafield>
<datafield tag="024" ind2=" " ind1="8">
<subfield code="a">http://uvadoc.uva.es/handle/10324/14366</subfield>
</datafield>
<datafield ind1=" " ind2=" " tag="653">
<subfield code="a">Alcoholismo - Prevención</subfield>
</datafield>
<datafield ind1=" " ind2=" " tag="653">
<subfield code="a">Adolescentes - Consumo de alcohol</subfield>
</datafield>
<datafield tag="245" ind1="0" ind2="0">
<subfield code="a">Los adolescentes en el mundo del alcohol</subfield>
</datafield>
</record></metadata></record></GetRecord></OAI-PMH>